Canadian Area Codes - Statistics

General Stats
  • This quiz has been taken 7 times
  • The average score is 5 of 53
Answer Stats
Hint Answer % Correct
Edmonton, AB 780
67%
Manitoba 204
33%
London, ON 226
33%
Calgary, AB 403
33%
Quebec, QC 418
33%
Manitoba 431
33%
London, ON 519
33%
Vancouver, BC 236
17%
Kelowna, BC 250
17%
Saskatchewan 306
17%
Calgary, AB 368
17%
Toronto, ON 416
17%
Granby, QC 450
17%
Montreal, QC 514
17%
Manitoba 584
17%
Vancouver, BC 604
17%
Sudbury, ON 705
17%
Newfoundland/Labrador 709
17%
Nova Scotia/PEI 782
17%
Kenora, ON 807
17%
Northern Canada 867
17%
Nova Scotia/PEI 902
17%
Hamilton, ON 905
17%
Sudbury, ON 249
0%
Montreal, QC 263
0%
Hamilton, ON 289
0%
Ottawa, ON 343
0%
Granby, QC 354
0%
Hamilton, ON 365
0%
Quebec, QC 367
0%
London, ON 382
0%
New Brunswick 428
0%
Toronto, ON 437
0%
Montreal, QC 438
0%
Sherbrooke, QC 468
0%
Saskatchewan 474
0%
New Brunswick 506
0%
London, ON 548
0%
Granby, QC 579
0%
Quebec, QC 581
0%
Calgary, AB 587
0%
Ottawa, ON 613
0%
Saskatchewan 639
0%
Toronto, ON 647
0%
Vancouver, BC 672
0%
Sudbury, ON 683
0%
Hamilton, ON 742
0%
Ottawa, ON 753
0%
Vancouver, BC 778
0%
Sherbrooke, QC 819
0%
Calgary, AB 825
0%
Sherbrooke, QC 873
0%
Newfoundland/Labrador 879
0%
No matching quizzes found
Score Distribution
Percent of People with Each Score
Percentile by Number Answered
Your Score History
You have not taken this quiz